Govt. of
Madhya Pradesh

10 Practice Sets NDA/NA 3240 MCQS Obj. Ques. (Record no. 63010)

MARC details
000 -LEADER
fixed length control field 00302nam a22001097a 4500
082 ## - DEWEY DECIMAL CLASSIFICATION NUMBER
Classification number 355
100 ## - MAIN ENTRY--AUTHOR NAME
Personal name Guider
245 ## - TITLE STATEMENT
Title 10 Practice Sets NDA/NA 3240 MCQS Obj. Ques.
260 ## - PUBLICATION, DISTRIBUTION, ETC. (IMPRINT)
Place of publication नई दिल्‍ली
Name of publisher Guider Competitive Group
Year of publication 2020
650 ## - SUBJECT ADDED ENTRY--TOPICAL TERM
Topical Term Miletry Science
942 ## - ADDED ENTRY ELEMENTS (KOHA)
Koha item type Books
Holdings
Withdrawn status Lost status Damaged status Not for loan Home library Current library Date acquired Cost, normal purchase price Full call number Accession Number Price effective from Koha item type
        MACL MACL 29/08/2020 265.00 355 GCLC00773 29/08/2020 Books
        MACL MACL 29/08/2020 265.00 355 GCLC00774 29/08/2020 Books